| 000 | 00443 a2200121 4500 | ||
|---|---|---|---|
| 001 | ART_57039 | ||
| 005 | 20260410162049.0 | ||
| 008 | 260409a | ||
| 245 | 1 | 0 | _aLa justicia reconoció la aplicación plena del mecanismo de ajuste por inflación sin las limitaciones para el período fiscal 2018. |
| 100 | 1 | _aTorassa, Marcos R. | |
| 700 | 1 | _aVidal Quera, Gastón F. | |
| 773 | 0 |
_tImpuestos _g- N° 132 (sep. 2022) _wREV45175 |
|
| 999 |
_c35648 _d35648 |
||